| 000 | 00646 a2200169 4500 | ||
|---|---|---|---|
| 005 | 20190806102646.0 | ||
| 008 | 190606b1982 sp ||||| |||| 00| 0 spa d | ||
| 020 | _a8470882996 | ||
| 040 |
_aCO-BoUCM _bspa _cOscar Ávila (modificó) _dOscar Ávila (modificó) |
||
| 041 | 0 | _aspa | |
| 100 | 1 | 0 |
_aBocanegra Sierra, Raul _996887 |
| 245 | 1 | 3 |
_aEl valor de las sentencias del tribunal constitucional _cRaul Bocanegra Sierra |
| 260 |
_bInstituto de estudios de administración local _c1982 _aMadrid _g1982 |
||
| 650 | 7 |
_918179 _aJurisprudencia constitucional |
|
| 942 |
_cLIBRO _2DEWEY _a8 _e1 _h342.46 _mB664v _n0 |
||
| 999 |
_c312888 _d312888 |
||